| 000 | 01140nam a2200313 i 4500 | ||
|---|---|---|---|
| 001 | 768714001 | ||
| 003 | CO-MdFUSB | ||
| 005 | 20210414170858.0 | ||
| 007 | ta | ||
| 008 | 200511t1982 sp |||| |||| 00| 0 spa d | ||
| 020 | _a8472287041 | ||
| 040 |
_aCO-MdFUSB _bspa _cCO-MdFUSB _dCO-MdFUSBC _erda |
||
| 041 | _aspa | ||
| 082 |
_223 _a248 _bP954 |
||
| 100 |
_aPrince, Derek, _d1915-2003 _eautor |
||
| 240 | _aFaith to live by | ||
| 245 |
_aFe por la cual vivir _c/ Derek Prince ; traducido por Héctor Torres |
||
| 264 | 1 |
_aBarcelona, España : _bClie, _c[1982] |
|
| 264 | 4 | _c©1982 | |
| 300 |
_c158 páginas ; _a20 cm |
||
| 336 |
_2rdacontent _atexto _btxt |
||
| 337 |
_2rdamedia _asin mediación _bn |
||
| 338 |
_2rdacarrier _avolumen _bnc |
||
| 505 | _aFe vs, vista - Fe vs. esperanza - La fe como un regalo - La fe como un fruto - Fe por la cual vivir - Como viene la fe - La fe debe ser confesada - La fe debe ser ejercitada - La fe debe ser probada - La medida de la fe - La fe destruye la caída | ||
| 650 | 0 |
_919 _aVida cristiana |
|
| 700 |
_95069 _aTorres, Héctor, _etraductor |
||
| 942 | _cBK | ||
| 945 | _aJTF-925 | ||
| 999 |
_c65857 _d65857 |
||